[Event "Riga Tech Open A 2016"]
[Site "Riga LAT"]
[Date "2016.08.13"]
[Round "8.5"]
[White "Kovalev, Vladislav"]
[Black "Kantans, Toms"]
[Result "1/2-1/2"]
[WhiteTitle "GM"]
[BlackTitle "IM"]
[WhiteElo "2608"]
[BlackElo "2482"]
[WhiteFideId "13504398"]
[BlackFideId "11602945"]
[EventDate "2016.08.08"]

1. e4 c5 2. Nf3 d6 3. d4 cxd4 4. Nxd4 Nf6 5. Nc3 a6 6. h3 e5 7. Nde2 h5 8. g3
Nbd7 9. a4 Qc7 10. a5 Nc5 11. Bg2 Be6 12. Bg5 Be7 13. h4 Ncd7 14. O-O Rc8 15. b3
Ng4 16. Qd2 g6 17. Nd1 f6 18. Be3 Qxc2 19. Ndc3 Qxd2 20. Bxd2 Nc5 21. Nc1 Bxb3
22. Rb1 Bc4 23. Rd1 Bd8 24. f3 Nh6 25. Bh3 Rc6 26. N3a2 Nf7 27. Nb4 Bxa5 28.
Nxc6 Bxd2 29. Rxd2 bxc6 30. Bf1 Bb5 31. Na2 Kd7 32. Nc3 Kc7 33. Kf2 Nd8 34. Rbd1
Ndb7 35. Ke3 f5 36. Rf2 Rf8 37. f4 exf4+ 38. Rxf4 Re8 39. Kf2 Nxe4+ 40. Nxe4
Rxe4 41. Rxe4 fxe4 42. g4 hxg4 43. Kg3 Nc5 44. Kxg4 Nd7 45. Kf4 d5 46. Bh3 Bd3
47. Rg1 Nf8 48. h5 gxh5 49. Rg8 Nh7 50. Rg7+ Kb6 51. Rxh7 e3 52. Re7 e2 53. Kf3
a5 54. Kf2 a4 55. Re3 Bb5 56. Bf5 Kc5 57. Bd3 Kb4 58. Bxe2 a3 59. Bxh5 a2 60.
Re1 Kc3 61. Bg6 Kb2 62. Ke3 c5 63. Bf7 d4+ 64. Ke4 d3 65. Bxa2 Kxa2 66. Ke3 Kb2
67. Kd2 c4 68. Rc1 1/2-1/2

[Event "Riga Tech Open A 2016"]
[Site "Riga LAT"]
[Date "2016.08.13"]
[Round "8.6"]
[White "Hovhannisyan, Robert"]
[Black "Smirnov, Anton"]
[Result "1/2-1/2"]
[WhiteTitle "GM"]
[BlackTitle "IM"]
[WhiteElo "2634"]
[BlackElo "2486"]
[WhiteFideId "13302507"]
[BlackFideId "3208923"]
[EventDate "2016.08.08"]

1. e4 e6 2. d4 d5 3. Nd2 c5 4. Ngf3 cxd4 5. Nxd4 Nc6 6. Bb5 Bd7 7. Nxc6 Bxc6 8.
Bxc6+ bxc6 9. c4 d4 10. O-O c5 11. Nf3 Bd6 12. Ne1 Ne7 13. Nd3 Nc6 14. f4 Qd7
15. Bd2 O-O 16. Qf3 f5 17. Rae1 Rae8 18. Rf2 Kh8 19. Rfe2 h6 20. Qh3 Qf7 21. Qf3
Qd7 22. Qh5 Kh7 23. exf5 Rxf5 24. Qh3 Rf6 25. f5 Qf7 26. g4 Kg8 27. Nf2 d3 28.
Rxe6 Rfxe6 29. Rxe6 Rxe6 30. fxe6 Qxe6 31. Qxd3 Ne5 32. Qe4 Qf7 33. Bf4 Nxg4 34.
Nd3 Nf6 35. Qf5 Bxf4 36. Nxf4 Qxc4 37. Qc8+ Kh7 1/2-1/2

[Event "Riga Tech Open A 2016"]
[Site "Riga LAT"]
[Date "2016.08.13"]
[Round "8.7"]
[White "Baghdasaryan, Vahe"]
[Black "Mastrovasilis, Athanasios"]
[Result "0-1"]
[WhiteTitle "IM"]
[BlackTitle "GM"]
[WhiteElo "2488"]
[BlackElo "2555"]
[WhiteFideId "13303139"]
[BlackFideId "4201990"]
[EventDate "2016.08.08"]

1. e4 e5 2. Nf3 Nc6 3. Bc4 Bc5 4. b4 Bxb4 5. c3 Be7 6. d4 Na5 7. Bd3 d6 8. dxe5
dxe5 9. Nxe5 Nf6 10. Qa4+ c6 11. Qc2 Qc7 12. Nf3 Bg4 13. Nbd2 Nd7 14. h3 Bh5 15.
O-O Nc5 16. Nd4 O-O-O 17. Be2 Bxe2 18. Nxe2 Rhe8 19. Nb3 Bd6 20. Nxc5 Bxc5 21.
Bf4 Qe7 22. Ng3 Qf6 23. Bc1 Qd6 24. Qa4 Qxg3 25. Qxa5 Qe5 26. Kh1 Rd3 27. Bf4
Qxf4 28. Qxc5 Kb8 29. f3 Qe5 30. Qc4 Rd7 31. Rad1 Red8 32. Rxd7 Rxd7 33. f4 Qb5
34. Qxb5 cxb5 35. e5 Rd5 36. Re1 Kc7 37. f5 Kd7 38. Re3 Rd2 39. e6+ fxe6 40. Rg3
exf5 41. Rxg7+ Kc6 42. Rxh7 Rxa2 43. Rf7 a5 44. Rf6+ Kc5 45. Rxf5+ Kc4 46. h4 a4
47. h5 Rd2 48. h6 Rd6 49. Rh5 Rd8 50. Rh4+ Kxc3 51. Rh3+ Kb4 52. Rh4+ Ka5 53.
Rh3 b4 54. Rh5+ b5 55. h7 Rh8 56. g4 b3 57. Kg2 b2 58. Rh1 Rxh7 0-1

[Event "Riga Tech Open A 2016"]
[Site "Riga LAT"]
[Date "2016.08.13"]
[Round "8.8"]
[White "Stocek, Jiri"]
[Black "Harutyunian, Tigran K."]
[Result "1-0"]
[WhiteTitle "GM"]
[BlackTitle "IM"]
[WhiteElo "2550"]
[BlackElo "2485"]
[WhiteFideId "304760"]
[BlackFideId "13303635"]
[EventDate "2016.08.08"]

1. c4 e6 2. g3 d5 3. Bg2 Nf6 4. Nf3 dxc4 5. O-O a6 6. Qc2 b5 7. Ne5 Nd5 8. d3
cxd3 9. Nxd3 Bb7 10. Rd1 Nd7 11. Nc3 c6 12. Bf4 Nxf4 13. Nxf4 Qc7 14. a4 Rc8 15.
axb5 cxb5 16. Bxb7 Qxb7 17. Qe4 Rc6 18. Nh5 f6 19. Nf4 Nc5 20. Qf3 Rb6 21. Qe3
e5 22. b4 Ne6 23. Ncd5 Rc6 24. Nxe6 Rxe6 25. Rac1 Bd6 26. Qb3 Bb8 27. Nc7+ 1-0

[Event "Riga Tech Open A 2016"]
[Site "Riga LAT"]
[Date "2016.08.13"]
[Round "8.9"]
[White "Bernadskiy, Vitaliy"]
[Black "Krupenski, Juri"]
[Result "1-0"]
[WhiteTitle "GM"]
[BlackTitle "FM"]
[WhiteElo "2549"]
[BlackElo "2409"]
[WhiteFideId "14100371"]
[BlackFideId "4501101"]
[EventDate "2016.08.08"]

1. e4 c5 2. Be2 Nc6 3. f4 g6 4. Nf3 Bg7 5. O-O Nf6 6. d3 d6 7. Qe1 Bg4 8. h3
Bxf3 9. Bxf3 Nd7 10. c3 O-O 11. Be3 Qc7 12. Na3 Rab8 13. Nc2 b5 14. Rc1 b4 15.
Rf2 Qb6 16. Rd1 Rfc8 17. d4 bxc3 18. bxc3 Qa5 19. e5 cxd4 20. cxd4 Qxe1+ 21.
Nxe1 Nb6 22. Rb2 Na5 23. Bf2 Nac4 24. Rb5 a6 25. Rb3 d5 26. Nd3 e6 27. Nc5 Ra8
28. Rdb1 Rc6 29. Be2 Bf8 30. Bxc4 Nxc4 31. Rb8 Rxb8 32. Rxb8 Nb6 33. Rd8 g5 34.
fxg5 Kg7 35. h4 Bxc5 36. dxc5 Na4 37. h5 Nxc5 38. Be3 h6 39. gxh6+ Kh7 40. g4
Ne4 41. Rd7 Rc3 42. Rxf7+ Kh8 43. Bf4 d4 44. Kg2 d3 45. g5 d2 46. Rf8+ 1-0

[Event "Riga Tech Open A 2016"]
[Site "Riga LAT"]
[Date "2016.08.13"]
[Round "8.10"]
[White "Kollars, Dmitrij"]
[Black "Yuffa, Daniil"]
[Result "0-1"]
[WhiteTitle "IM"]
[BlackTitle "IM"]
[WhiteElo "2483"]
[BlackElo "2507"]
[WhiteFideId "12909572"]
[BlackFideId "24131423"]
[EventDate "2016.08.08"]

1. e4 Nf6 2. e5 Nd5 3. d4 d6 4. Nf3 dxe5 5. Nxe5 c6 6. Be2 Bf5 7. O-O Nd7 8. c4
Nb4 9. Nd3 a5 10. Nxb4 axb4 11. Qb3 Qa5 12. Bd2 e5 13. dxe5 Bc5 14. Bd3 Bxd3 15.
Qxd3 Nxe5 16. Qb3 O-O 17. Bf4 Ng6 18. Be3 Bxe3 19. fxe3 Rfd8 20. Rf2 Ne5 21. Rd2
Qb6 22. h3 Nxc4 23. Rxd8+ Rxd8 24. Qxc4 Qxe3+ 25. Kh2 Qe5+ 0-1

[Event "Riga Tech Open A 2016"]
[Site "Riga LAT"]
[Date "2016.08.13"]
[Round "8.11"]
[White "Kriebel, Tadeas"]
[Black "Ly, Moulthun"]
[Result "0-1"]
[WhiteTitle "IM"]
[BlackTitle "IM"]
[WhiteElo "2462"]
[BlackElo "2501"]
[WhiteFideId "330027"]
[BlackFideId "3204405"]
[EventDate "2016.08.08"]

1. e4 g6 2. d4 Bg7 3. Nc3 d6 4. Nf3 a6 5. a4 Nf6 6. Bc4 O-O 7. O-O Bg4 8. h3
Bxf3 9. Qxf3 Nfd7 10. Ne2 c5 11. d5 Ne5 12. Qb3 Nbd7 13. f4 Nxc4 14. Qxc4 Qa5
15. Ra3 Qb4 16. Qd3 c4 17. Qe3 Bxb2 18. Bxb2 Qxb2 19. Nd4 Nf6 20. Raa1 Qb6 21.
c3 Qc5 22. Rab1 Rab8 23. Rb4 e6 24. dxe6 fxe6 25. Rf2 e5 26. fxe5 Qxe5 27. Rxc4
Nd5 28. Qe1 Nf4 29. Nf3 Nxh3+ 30. gxh3 Qg3+ 31. Rg2 Qxf3 32. Rc7 Qxh3 33. Qd2
Qe6 34. Qd4 Rf7 35. Rxf7 Kxf7 36. Rf2+ Kg8 37. Rf6 Qg4+ 38. Kf2 Re8 39. Qd5+ Kh8
40. Qxd6 Qxe4 41. Qd4 Kg8 42. Kg3 Qe1+ 43. Kf3 Qe2+ 44. Kf4 Qh2+ 45. Kf3 Qh5+ 0-1

[Event "Riga Tech Open A 2016"]
[Site "Riga LAT"]
[Date "2016.08.13"]
[Round "8.12"]
[White "Shevchenko, Kirill"]
[Black "Dastan, Muhammed Batuhan"]
[Result "0-1"]
[WhiteTitle "FM"]
[BlackTitle "IM"]
[WhiteElo "2443"]
[BlackElo "2490"]
[WhiteFideId "14129574"]
[BlackFideId "6300014"]
[EventDate "2016.08.08"]

1. e4 c5 2. Nf3 d6 3. d4 cxd4 4. Nxd4 Nf6 5. Nc3 a6 6. Be3 e6 7. Be2 Nbd7 8. f4
b5 9. Bf3 Bb7 10. e5 Bxf3 11. Nxf3 Ng4 12. Bd4 dxe5 13. fxe5 Qc7 14. Qe2 Bc5 15.
Bxc5 Nxc5 16. h3 Nh6 17. g4 Ng8 18. Ne4 Nxe4 19. Qxe4 Rd8 20. O-O h6 21. Rad1
Qa7+ 22. Kg2 Rxd1 23. Rxd1 Ne7 24. Qd4 Qxd4 25. Nxd4 O-O 26. Kf3 Rc8 27. c3 Nd5
28. Nf5 Rc5 29. Nd6 b4 30. Ne4 Ra5 31. cxb4 Nxb4 32. Rd8+ Kh7 33. Nd6 Nc6 34.
Ra8 Kg6 35. Rg8 Nxe5+ 36. Kf4 f6 37. Re8 Nd3+ 38. Kg3 Re5 39. Re7 Re3+ 40. Kg2
Nf4+ 41. Kf2 Nd5 42. Ra7 Rxh3 43. Ne8 Kg5 44. Nxg7 Kxg4 45. Nxe6 Rf3+ 46. Kg1
Ne3 47. Nd4 Rf1+ 48. Kh2 Rf2+ 49. Kg1 Rg2+ 50. Kh1 Rxb2 51. a4 Kg3 52. Rg7+ Ng4 0-1

[Event "Riga Tech Open A 2016"]
[Site "Riga LAT"]
[Date "2016.08.13"]
[Round "8.13"]
[White "Petrosyan, Tigran S."]
[Black "Petrov, Nikita"]
[Result "1/2-1/2"]
[WhiteTitle "IM"]
[BlackTitle "IM"]
[WhiteElo "2462"]
[BlackElo "2490"]
[WhiteFideId "13303678"]
[BlackFideId "4101286"]
[EventDate "2016.08.08"]

1. Nf3 c5 2. c4 Nc6 3. d4 cxd4 4. Nxd4 Nf6 5. Nc3 e6 6. a3 Be7 7. e4 O-O 8. Nf3
Qc7 9. Be2 b6 10. O-O Bb7 11. Bg5 h6 12. Bh4 d6 13. Rc1 Ne5 14. Nb5 Qc6 15. Nxe5
dxe5 16. f3 a6 17. Nc3 Bc5+ 18. Bf2 Rad8 19. Qc2 Bd4 20. b4 Nh5 21. Rfe1 Nf4 22.
Bf1 Rd7 23. Rcd1 f5 24. Rd2 Rfd8 25. Red1 g6 26. Qc1 Qc7 27. Qc2 Kg7 28. Qc1 Nh5
29. exf5 gxf5 30. Ne2 Bxf2+ 31. Kxf2 1/2-1/2

[Event "Riga Tech Open A 2016"]
[Site "Riga LAT"]
[Date "2016.08.13"]
[Round "8.14"]
[White "Stupak, Kirill"]
[Black "Saveliev, Alexei"]
[Result "1/2-1/2"]
[WhiteTitle "GM"]
[WhiteElo "2575"]
[BlackElo "2339"]
[WhiteFideId "13503758"]
[BlackFideId "24128546"]
[EventDate "2016.08.08"]

1. d4 Nf6 2. c4 e6 3. g3 c5 4. Nf3 cxd4 5. Nxd4 d5 6. Bg2 e5 7. Nb3 d4 8. O-O
Nc6 9. e3 Bg4 10. Qe1 Be7 11. exd4 exd4 1/2-1/2

[Event "Riga Tech Open A 2016"]
[Site "Riga LAT"]
[Date "2016.08.13"]
[Round "8.15"]
[White "Aleksandrov, Aleksej"]
[Black "Sarana, Alexey"]
[Result "1-0"]
[WhiteTitle "GM"]
[BlackTitle "IM"]
[WhiteElo "2563"]
[BlackElo "2433"]
[WhiteFideId "13500139"]
[BlackFideId "24133795"]
[EventDate "2016.08.08"]

1. d4 Nf6 2. c4 e6 3. Nc3 Bb4 4. e3 O-O 5. Bd3 c5 6. Nf3 d5 7. O-O cxd4 8. exd4
dxc4 9. Bxc4 b6 10. Bg5 Bb7 11. Qe2 Nbd7 12. Rac1 Be7 13. Rfd1 h6 14. Bf4 Rc8
15. Ne5 Nd5 16. Nxd5 exd5 17. Bd3 Nxe5 18. Bxe5 Bf6 19. Rxc8 Bxc8 20. Rc1 Bxe5
21. Qxe5 Re8 22. Qb8 a5 23. h3 Be6 24. Qxd8 Rxd8 25. Rc6 Rb8 26. f4 Kf8 27. f5
Bd7 28. Rc7 Ke8 29. Kf2 Kd8 30. Ra7 a4 31. Ke3 b5 32. g4 f6 33. Be2 Rc8 34. Kd2
b4 35. Ra5 Ke7 36. Rxd5 h5 37. gxh5 a3 38. bxa3 bxa3 39. Ra5 Rb8 40. Ke3 Rb2 41.
Rxa3 Bxf5 42. Ra7+ Kd6 43. Bg4 Bb1 44. Rd7+ Kc6 45. Rxg7 Rxa2 46. h6 Ra3+ 47.
Kf4 Rd3 48. Rd7 1-0

[Event "Riga Tech Open A 2016"]
[Site "Riga LAT"]
[Date "2016.08.13"]
[Round "8.16"]
[White "Moiseenko, Vadim"]
[Black "Sarkar, Justin"]
[Result "1-0"]
[WhiteTitle "IM"]
[BlackTitle "IM"]
[WhiteElo "2533"]
[BlackElo "2434"]
[WhiteFideId "4123700"]
[BlackFideId "2010011"]
[EventDate "2016.08.08"]

1. e4 d6 2. d4 Nf6 3. Nc3 e5 4. Nf3 Nbd7 5. Bc4 Be7 6. O-O O-O 7. a4 c6 8. Qe2
exd4 9. Nxd4 Ne5 10. Ba2 Re8 11. f4 Qb6 12. Qd2 a5 13. Kh1 Ned7 14. Nf3 Nc5 15.
Ng5 Ne6 16. Nxf7 Kxf7 17. f5 Bf8 18. e5 dxe5 19. fxe6+ Bxe6 20. Qd7+ Kg8 21.
Bxe6+ Kh8 22. Rxf6 gxf6 23. Bf5 Re7 24. Qd3 Rd8 25. Qe2 e4 26. Be3 Qxb2 27. Rd1
Rxd1+ 28. Nxd1 Qe5 29. g4 b5 30. Qd2 bxa4 31. Bd4 Qd6 32. Qc3 c5 33. Bxf6+ Bg7
34. Bxg7+ Rxg7 35. Ne3 Qd4 36. Qe1 a3 37. Be6 Qf6 38. Bc4 h5 39. Kg1 hxg4 40.
Qxa5 Qd4 41. Kf2 g3+ 42. hxg3 Rxg3 43. Kxg3 Qxe3+ 44. Kg4 Qf3+ 45. Kg5 Qg3+ 46.
Kf5 Qf2+ 47. Ke6 Qxc2 48. Qd8+ Kh7 49. Qh4+ Kg7 50. Qg3+ Kh7 51. Bd5 Qd3 52.
Qh4+ Kg7 53. Qg5+ Kh7 54. Ke7 a2 55. Kf8 Qf3+ 56. Bf7 1-0

[Event "Riga Tech Open A 2016"]
[Site "Riga LAT"]
[Date "2016.08.14"]
[Round "9.1"]
[White "Melkumyan, Hrant"]
[Black "Kravtsiv, Martyn"]
[Result "1/2-1/2"]
[WhiteTitle "GM"]
[BlackTitle "GM"]
[WhiteElo "2650"]
[BlackElo "2631"]
[WhiteFideId "13302485"]
[BlackFideId "14113147"]
[EventDate "2016.08.08"]

1. d4 Nf6 2. c4 e6 3. Nf3 d5 4. Nc3 Be7 5. Bf4 O-O 6. e3 Nbd7 7. Qc2 c5 8. Rd1
cxd4 9. Rxd4 Qa5 10. Bg3 Nb6 11. Nd2 dxc4 12. Bxc4 Nbd5 13. Nb3 Qb6 14. O-O Bd7
15. Bxd5 Nxd5 16. Nxd5 exd5 17. Rfd1 Rfc8 18. Qd2 a5 19. Rxd5 Bg4 20. f3 Be6 21.
Rd3 a4 22. Nc1 Bf5 23. Rd5 Be6 24. Rd3 Bb4 25. Qf2 Bf5 26. Rd5 Rc2 27. Qf1 g6
28. Bf2 Qc6 29. e4 Be6 30. Nd3 Be7 31. Rd4 Bxa2 32. Qe1 Qb5 33. e5 Bb3 34. e6
Bxe6 35. Nf4 Qxb2 36. Nxe6 Rxf2 37. Qxf2 Qxf2+ 38. Kxf2 fxe6 39. Rd7 Bf6 40.
R1d2 b5 41. Rb7 b4 42. Ra2 Bc3 43. Ke2 a3 44. Kd3 Rf8 45. Kc4 Rf4+ 46. Kb3 Bb2
47. Rxb4 Rxb4+ 48. Kxb4 Kf7 49. Rxa3 Bxa3+ 50. Kxa3 Kf6 51. Kb3 Ke5 52. Kc3 Kf4 1/2-1/2

[Event "Riga Tech Open A 2016"]
[Site "Riga LAT"]
[Date "2016.08.14"]
[Round "9.2"]
[White "Naroditsky, Daniel"]
[Black "Neiksans, Arturs"]
[Result "1/2-1/2"]
[WhiteTitle "GM"]
[BlackTitle "GM"]
[WhiteElo "2646"]
[BlackElo "2620"]
[WhiteFideId "2026961"]
[BlackFideId "11601388"]
[EventDate "2016.08.08"]

1. e4 c5 2. Nf3 e6 3. d4 cxd4 4. Nxd4 Nc6 5. Nc3 Qc7 6. Be3 a6 7. Qf3 Nf6 8.
O-O-O Ne5 9. Qg3 b5 10. f4 Neg4 11. Bg1 b4 12. Na4 h5 13. Bd3 Bb7 14. h3 h4 15.
Qf3 Nh6 16. Bf2 Bd6 17. Ne2 Nf5 18. Kb1 Be7 19. Bb6 Qb8 20. Bg1 Qc7 21. Bb6 Qb8
22. Bg1 Qc7 23. Bb6 1/2-1/2

[Event "Riga Tech Open A 2016"]
[Site "Riga LAT"]
[Date "2016.08.14"]
[Round "9.3"]
[White "Goganov, Aleksey"]
[Black "Bernadskiy, Vitaliy"]
[Result "1-0"]
[WhiteTitle "GM"]
[BlackTitle "GM"]
[WhiteElo "2627"]
[BlackElo "2549"]
[WhiteFideId "24109959"]
[BlackFideId "14100371"]
[EventDate "2016.08.08"]

1. d4 g6 2. c4 Bg7 3. e4 d6 4. Nf3 Bg4 5. Be2 Nc6 6. Nbd2 e5 7. d5 Nce7 8. h3
Bc8 9. b4 Nf6 10. O-O a5 11. bxa5 Rxa5 12. Bb2 Bd7 13. Bc3 Ra3 14. Qc1 Ra4 15.
Qb2 Nh5 16. c5 O-O 17. Qxb7 Nf4 18. Bb5 Bc8 19. Qb8 f5 20. Bxa4 Ne2+ 21. Kh1
Nxc3 22. Bc2 Bh6 23. Bd3 Kg7 24. Qb3 fxe4 25. Bxe4 Ne2 26. Qc4 Nf4 27. cxd6 cxd6
28. Rac1 Nxg2 29. Qc7 Nf4 30. Qxd8 Rxd8 31. Rc7 Kf6 32. Bc2 Nfxd5 33. Ne4+ Kg7
34. Ra7 Bxh3 35. Rb1 Bf5 36. Rbb7 Rc8 37. Bd3 Kf8 38. Kh2 Nc6 39. Ra3 Rd8 40.
Neg5 Bc8 41. Rxh7 Bg7 42. Nh4 Nf6 43. Nxg6+ Kg8 44. Rh4 d5 45. Rc3 e4 46. Rxc6
exd3 47. Ne7+ Kf8 48. Nxc8 d2 49. Ne6+ Kg8 50. Rd4 Ng4+ 51. Rxg4 d1=Q 52. Rxg7+
Kh8 53. Rc3 1-0

[Event "Riga Tech Open A 2016"]
[Site "Riga LAT"]
[Date "2016.08.14"]
[Round "9.5"]
[White "Mastrovasilis, Athanasios"]
[Black "Ly, Moulthun"]
[Result "1/2-1/2"]
[WhiteTitle "GM"]
[BlackTitle "IM"]
[WhiteElo "2555"]
[BlackElo "2501"]
[WhiteFideId "4201990"]
[BlackFideId "3204405"]
[EventDate "2016.08.08"]

1. c4 Nf6 2. Nc3 e5 3. g3 Bb4 4. Bg2 O-O 5. e4 Bxc3 6. dxc3 d6 7. Qe2 Nbd7 8.
Nf3 a6 9. O-O b5 10. Bg5 bxc4 11. Qxc4 a5 12. Rfd1 Ba6 13. Qa4 Nc5 14. Qc2 Ne6
15. Be3 Qe7 16. Nh4 g6 17. h3 Nh5 18. Bh6 Rfe8 19. Nf3 Nhg7 20. Nh2 Rab8 21. Ng4
f5 22. exf5 Nxf5 23. Rd5 Nc5 24. Re1 Nxh6 25. Nxh6+ Kg7 26. Ng4 Bc4 27. Rxc5
dxc5 28. b3 Be6 29. Nxe5 Qd6 30. f4 Rbd8 31. Qf2 Qd2 32. c4 Qd4 33. Re3 Qd1+ 34.
Re1 Qd4 35. Re3 Qd1+ 36. Re1 Qd4 1/2-1/2

[Event "Riga Tech Open A 2016"]
[Site "Riga LAT"]
[Date "2016.08.14"]
[Round "9.6"]
[White "Dastan, Muhammed Batuhan"]
[Black "Stocek, Jiri"]
[Result "0-1"]
[WhiteTitle "IM"]
[BlackTitle "GM"]
[WhiteElo "2490"]
[BlackElo "2550"]
[WhiteFideId "6300014"]
[BlackFideId "304760"]
[EventDate "2016.08.08"]

1. e4 e6 2. d4 d5 3. Nc3 Nf6 4. Bg5 Be7 5. e5 Nfd7 6. h4 h6 7. Bxe7 Qxe7 8. f4
a6 9. Nf3 Nb6 10. Qd2 Bd7 11. a4 c5 12. a5 Nc8 13. Nd1 cxd4 14. Nxd4 Nc6 15. Nb3
O-O 16. Nf2 f6 17. Nd3 fxe5 18. fxe5 Be8 19. O-O-O Bg6 20. Ndc5 b6 21. Nd3 bxa5
22. Nxa5 N8a7 23. Nxc6 Nxc6 24. Nf4 Nxe5 25. Re1 Be4 26. Nd3 Nc4 27. Qb4 Qf6 28.
Qc3 Qxc3 29. bxc3 Rac8 30. Rh3 Rxf1 31. Rxf1 Bxg2 32. Rhf3 Bxf3 33. Rxf3 Rf8 34.
Rxf8+ Kxf8 35. Nc5 Ke7 36. Nxa6 Kd6 37. Nb4 Ne3 38. Kd2 Ng2 39. c4 Nxh4 40. cxd5
exd5 41. Ke3 g5 42. Nd3 Nf5+ 43. Kf3 Nd4+ 44. Kg4 Nxc2 45. Kh5 Ke6 46. Kxh6 Kf5
47. Kh5 d4 48. Nc1 Ne1 49. Ne2 d3 50. Nd4+ Kf6 51. Nb3 Nf3 52. Nc5 d2 53. Ne4+
Kf5 54. Nf2 Ne5 0-1

[Event "Riga Tech Open A 2016"]
[Site "Riga LAT"]
[Date "2016.08.14"]
[Round "9.7"]
[White "Kantans, Toms"]
[Black "Chigaev, Maksim"]
[Result "1/2-1/2"]
[WhiteTitle "IM"]
[BlackTitle "IM"]
[WhiteElo "2482"]
[BlackElo "2550"]
[WhiteFideId "11602945"]
[BlackFideId "4108116"]
[EventDate "2016.08.08"]

1. e4 c6 2. d4 d5 3. Nc3 dxe4 4. Nxe4 Bf5 5. Ng3 Bg6 6. h4 h6 7. Nf3 e6 8. Ne5
Bh7 9. Bd3 Bxd3 10. Qxd3 Nd7 11. Bf4 Qa5+ 12. c3 Nxe5 13. Bxe5 Nf6 14. O-O Be7
15. Rfe1 O-O 16. a4 Qd8 17. h5 a5 18. Rad1 Re8 19. Qe2 Nd7 20. Bf4 Bg5 21. Bd6
Be7 22. Nf5 Bf8 23. Bxf8 Rxf8 24. Nd6 Qe7 25. Nc4 Rfd8 26. Rd3 b5 27. Nd2 Nf6
28. Re3 bxa4 29. Nc4 c5 30. dxc5 Qxc5 31. Ne5 Nd7 32. Nd3 Qb5 33. Ra1 Rab8 34.
Qg4 Nf6 35. Qxa4 Qxa4 36. Rxa4 Rd5 37. g4 Nd7 38. b4 axb4 39. Rxb4 Rc8 40. Nf4 1/2-1/2

[Event "Riga Tech Open A 2016"]
[Site "Riga LAT"]
[Date "2016.08.14"]
[Round "9.8"]
[White "Petrov, Nikita"]
[Black "Hovhannisyan, Robert"]
[Result "1/2-1/2"]
[WhiteTitle "IM"]
[BlackTitle "GM"]
[WhiteElo "2490"]
[BlackElo "2634"]
[WhiteFideId "4101286"]
[BlackFideId "13302507"]
[EventDate "2016.08.08"]

1. e4 c6 2. d4 d5 3. e5 Bf5 4. h4 h5 5. Bd3 Bxd3 6. Qxd3 e6 7. Bg5 Qb6 8. Nd2 c5
9. c4 Qxb2 10. Rd1 Nc6 11. Ne2 Nb4 12. Qf3 Qa3 13. Qxa3 Nc2+ 14. Kf1 Nxa3 15.
cxd5 exd5 16. dxc5 Bxc5 17. Nb3 Be7 18. Nf4 Bxg5 19. hxg5 Ne7 20. Nxd5 Nxd5 21.
Rxd5 Ke7 22. Ke2 g6 23. Rc1 Rhc8 24. Rxc8 Rxc8 25. Ra5 Rc2+ 26. Kd3 Rxa2 27.
Rxa7 Ke6 28. Ke4 Ke7 29. Rxb7+ Kf8 30. Ra7 Rxf2 31. Rxa3 Rxg2 32. Ra8+ Kg7 33.
Nd4 Rg4+ 34. Ke3 Rxg5 35. e6 Re5+ 36. Kf4 Kf6 37. Rf8 g5+ 38. Kf3 Kg6 39. exf7
Re7 40. Rg8+ Kxf7 41. Rxg5 Re1 42. Rxh5 Ra1 43. Rb5 Kf6 44. Kf4 Rf1+ 45. Nf3 Ke6
46. Ke4 Kd6 47. Rd5+ Kc7 48. Rd3 Ra1 49. Ne5 Ra4+ 50. Kf5 Rh4 1/2-1/2

[Event "Riga Tech Open A 2016"]
[Site "Riga LAT"]
[Date "2016.08.14"]
[Round "9.9"]
[White "Smirnov, Anton"]
[Black "Kovalev, Vladislav"]
[Result "1/2-1/2"]
[WhiteTitle "IM"]
[BlackTitle "GM"]
[WhiteElo "2486"]
[BlackElo "2608"]
[WhiteFideId "3208923"]
[BlackFideId "13504398"]
[EventDate "2016.08.08"]

1. d4 Nf6 2. c4 g6 3. Nc3 Bg7 4. e4 d6 5. Nf3 O-O 6. Be2 e5 7. Be3 exd4 8. Nxd4
Re8 9. f3 c6 10. Bf2 d5 11. exd5 cxd5 12. O-O Nc6 13. c5 Nh5 14. Qd2 Be5 15. g3
Ng7 16. Rfd1 Be6 17. Ndb5 a6 18. f4 Bb8 19. Nd4 Nxd4 20. Qxd4 Ba7 21. Bf3 Nf5
22. Qb4 d4 23. Qxb7 Bxc5 24. Qxa8 Qxa8 25. Bxa8 Rxa8 26. Ne2 Ne3 27. Rdc1 Ba7
28. Rc7 Bg4 29. Re1 Bb6 30. Rb7 Ba5 31. Nxd4 Bxe1 32. Bxe1 Rc8 33. Bd2 Nd1 34.
Rb6 Rc4 35. Nc6 Rc2 36. Ne5 Bh3 37. Rd6 Rxb2 38. Nf3 Bg4 39. Ng5 Rxa2 40. Ne4
Bf3 41. Nc3 Rxd2 42. Rxd2 Nxc3 43. Rd3 Ne2+ 44. Kf2 Bh5 45. h3 f5 46. Ra3 Kg7
47. Rxa6 Nc3 48. Ke3 Nd5+ 49. Kd4 Bf3 50. Ke5 h5 51. Ra7+ Kh6 52. Ra3 Bg2 53.
Ra2 Bf3 54. Ra3 Bg2 55. Ra2 Bf3 56. Kd4 1/2-1/2

[Event "Riga Tech Open A 2016"]
[Site "Riga LAT"]
[Date "2016.08.14"]
[Round "9.10"]
[White "Ladva, Ottomar"]
[Black "Aleksandrov, Aleksej"]
[Result "1-0"]
[WhiteTitle "IM"]
[BlackTitle "GM"]
[WhiteElo "2453"]
[BlackElo "2563"]
[WhiteFideId "4500024"]
[BlackFideId "13500139"]
[EventDate "2016.08.08"]

1. Nf3 Nf6 2. c4 e6 3. g3 d5 4. Bg2 dxc4 5. Qa4+ Nbd7 6. Qxc4 c5 7. d3 Bd6 8. a4
Rb8 9. Nc3 a6 10. a5 b5 11. axb6 Nxb6 12. Qa2 Nfd5 13. O-O Nb4 14. Qb1 Bb7 15.
b3 O-O 16. Bb2 f5 17. Rc1 Qe7 18. Na4 Nd7 19. Nd2 Bxg2 20. Kxg2 Qg5 21. Nf3 Qh5
22. Rc4 e5 23. Qc1 h6 24. Nxc5 Nxc5 25. Rxc5 Bxc5 26. Qxc5 Qf7 27. Bxe5 Rfc8 28.
Qd6 Rb5 29. Kg1 Qe8 30. Bb2 a5 31. Nd4 Rd5 32. Qb6 1-0

[Event "Riga Tech Open A 2016"]
[Site "Riga LAT"]
[Date "2016.08.14"]
[Round "9.11"]
[White "Saveliev, Alexei"]
[Black "Moiseenko, Vadim"]
[Result "1/2-1/2"]
[BlackTitle "IM"]
[WhiteElo "2339"]
[BlackElo "2533"]
[WhiteFideId "24128546"]
[BlackFideId "4123700"]
[EventDate "2016.08.08"]

1. e4 e5 2. Nf3 Nc6 3. Bb5 Nf6 4. O-O d6 5. d4 Bd7 6. Nc3 exd4 7. Nxd4 Be7 8.
Bxc6 bxc6 9. Qf3 O-O 10. e5 dxe5 11. Nxc6 Bxc6 12. Qxc6 Qd6 13. Qf3 Qe6 14. Bg5
Rab8 15. Rab1 e4 16. Qe2 Rfe8 17. Rfe1 Rb4 18. a3 Rc4 19. Rbd1 c6 20. Nb1 Rc5
21. Be3 Rh5 22. Bd4 Qf5 23. Nd2 Bd6 24. Nf1 Rh6 25. Be3 Bf4 26. Ng3 Qg5 27. Bxf4
Qxf4 28. h3 Qb8 29. Nf5 Rh5 30. Nd6 Re6 31. Nc4 h6 32. Rd2 Rg5 33. Red1 Kh7 34.
Rd6 Qc8 35. Rd8 Qc7 36. R8d6 Qe7 37. Kf1 Nd5 38. Rxe6 Qxe6 39. Rd4 f5 40. Qd2 f4
41. f3 exf3 42. Qd3+ Qg6 43. Qxg6+ Rxg6 44. gxf3 Rg3 45. Ke2 g5 46. Ne5 Rxh3 47.
Nxc6 Ne3 48. Ne5 Kg7 49. Kd3 Kf6 50. Ke4 Nf5 51. Nd7+ Ke6 52. Nc5+ Kf6 53. Nd7+
Ke6 54. Nc5+ 1/2-1/2